| 000 -LEADER |
| fixed length control field |
01191pab a2200169 454500 |
| 008 - FIXED-LENGTH DATA ELEMENTS--GENERAL INFORMATION |
| fixed length control field |
180718b2009 xxu||||| |||| 00| 0 eng d |
| 100 ## - MAIN ENTRY--PERSONAL NAME |
| Personal name |
Dryzek, John S. |
| 245 ## - TITLE STATEMENT |
| Title |
Democratization as deliberative capacity building |
| 260 ## - PUBLICATION, DISTRIBUTION, ETC. |
| Date of publication, distribution, etc. |
2009 |
| 300 ## - PHYSICAL DESCRIPTION |
| Extent |
p.1379-402. |
| 362 ## - DATES OF PUBLICATION AND/OR SEQUENTIAL DESIGNATION |
| Dates of publication and/or sequential designation |
Nov |
| 520 ## - SUMMARY, ETC. |
| Summary, etc. |
Effective deliberation is central to democracy and so should enter any definition of democratization. However, the deliberative aspect now ubiquitous in theory, practice, and promotion of democracy is generally missing in comparative studies of democratization. Deliberation capacity can be distributed in variable ways in the deliberative systems of states and other polities. A framework is described for locating and analyzing the contributions of its components and so evaluating the degree to which a polity's deliberative system is authentic, inclusive and consequential. An emphasis on deliberation reveals important determinants of democratic transition and consolidation, thereby providing substantial explanatory as well as evaluative and normative purchase. - Reproduced. |
| 650 ## - SUBJECT ADDED ENTRY--TOPICAL TERM |
| Topical term or geographic name entry element |
Democratization |
| 773 ## - HOST ITEM ENTRY |
| Main entry heading |
Comparative Political Studies |
| 908 ## - PUT COMMAND PARAMETER (RLIN) |
| Put command parameter |
N |
| 909 ## - |
| -- |
85171 |